[Event "Russian Blitz Team Championship (w)"]
[Site "Sochi"]
[Date "2022.10.17"]
[Round "9.12"]
[White "Loskutova, Viktoriya"]
[Black "Borisova, Ekaterina"]
[Result "0-1"]
[BlackElo "2134"]
[WhiteElo "2056"]
[LiveChessVersion "1.4.8"]

1. e4 {[%clk 0:03:03]} c5 {[%clk 0:03:04]} 2. Nf3 {[%clk 0:03:05]} Nc6
{[%clk 0:03:05]} 3. Bb5 {[%clk 0:03:05]} e5 {[%clk 0:03:06]} 4. O-O
{[%clk 0:03:03]} Bd6 {[%clk 0:03:07]} 5. Re1 {[%clk 0:03:00]} Nge7
{[%clk 0:03:03]} 6. c3 {[%clk 0:02:59]} a6 {[%clk 0:03:04]} 7. Bd3
{[%clk 0:02:57]} O-O {[%clk 0:03:03]} 8. Bc2 {[%clk 0:02:56]} Ng6
{[%clk 0:03:04]} 9. d3 {[%clk 0:02:50]} Bc7 {[%clk 0:03:03]} 10. Nbd2
{[%clk 0:02:46]} d5 {[%clk 0:02:58]} 11. Nb3 {[%clk 0:02:24]} c4 {[%clk 0:02:49]}
12. dxc4 {[%clk 0:02:22]} dxc4 {[%clk 0:02:49]} 13. Qxd8 {[%clk 0:02:17]} Rxd8
{[%clk 0:02:49]} 14. Nbd2 {[%clk 0:02:18]} b5 {[%clk 0:02:48]} 15. a4
{[%clk 0:02:14]} Rb8 {[%clk 0:02:48]} 16. Nf1 {[%clk 0:02:14]} f6
{[%clk 0:02:31]} 17. g3 {[%clk 0:02:08]} Bg4 {[%clk 0:02:29]} 18. N3d2
{[%clk 0:02:07]} Be6 {[%clk 0:02:24]} 19. Ne3 {[%clk 0:02:07]} Nge7
{[%clk 0:02:24]} 20. Ndf1 {[%clk 0:01:48]} Kf7 {[%clk 0:01:59]} 21. axb5
{[%clk 0:01:45]} axb5 {[%clk 0:02:00]} 22. Kg2 {[%clk 0:01:44]} g5
{[%clk 0:01:56]} 23. Rd1 {[%clk 0:01:33]} Rxd1 {[%clk 0:01:55]} 24. Bxd1
{[%clk 0:01:33]} Kg6 {[%clk 0:01:49]} 25. Nc2 {[%clk 0:01:33]} h5
{[%clk 0:01:45]} 26. Nfe3 {[%clk 0:01:30]} Bb6 {[%clk 0:01:40]} 27. Be2
{[%clk 0:01:24]} Bc5 {[%clk 0:01:38]} 28. Ra6 {[%clk 0:01:23]} Bc8
{[%clk 0:01:31]} 29. Ra1 {[%clk 0:01:22]} Bb7 {[%clk 0:01:23]} 30. f3
{[%clk 0:01:19]} Nd8 {[%clk 0:01:15]} 31. h3 {[%clk 0:01:18]} Ne6
{[%clk 0:01:08]} 32. Nf1 {[%clk 0:01:10]} g4 {[%clk 0:01:04]} 33. hxg4
{[%clk 0:01:09]} hxg4 {[%clk 0:01:04]} 34. Be3 {[%clk 0:01:10]} gxf3+
{[%clk 0:01:03]} 35. Bxf3 {[%clk 0:01:11]} Bxe3 {[%clk 0:00:48]} 36. Nfxe3
{[%clk 0:01:12]} Nc5 {[%clk 0:00:49]} 37. Nd5 {[%clk 0:01:05]} Nxd5
{[%clk 0:00:47]} 38. exd5 {[%clk 0:01:06]} e4 {[%clk 0:00:48]} 39. Be2
{[%clk 0:01:04]} Bxd5 {[%clk 0:00:49]} 40. Ne3 {[%clk 0:01:05]} Be6
{[%clk 0:00:46]} 41. Ra5 {[%clk 0:01:02]} Rb6 {[%clk 0:00:31]} 42. Ra7
{[%clk 0:00:50]} Nd3 {[%clk 0:00:30]} 43. Ra2 {[%clk 0:00:46]} f5
{[%clk 0:00:29]} 44. Kf1 {[%clk 0:00:32]} Kf6 {[%clk 0:00:30]} 45. Nc2
{[%clk 0:00:30]} Ke5 {[%clk 0:00:22]} 46. Nd4 {[%clk 0:00:28]} f4
{[%clk 0:00:20]} 47. Bxd3 {[%clk 0:00:25]} cxd3 {[%clk 0:00:19]} 48. gxf4+
{[%clk 0:00:26]} Kxf4 {[%clk 0:00:18]} 49. Ra8 {[%clk 0:00:25]} Bc4
{[%clk 0:00:14]} 50. Ke1 {[%clk 0:00:24]} e3 {[%clk 0:00:13]} 51. Rf8+
{[%clk 0:00:25]} Kg5 {[%clk 0:00:13]} 52. Rg8+ {[%clk 0:00:24]} Kf6
{[%clk 0:00:13]} 53. Rf8+ {[%clk 0:00:24]} Ke7 {[%clk 0:00:13]} 54. Rf3
{[%clk 0:00:24]} e2 {[%clk 0:00:09]} 55. b3 {[%clk 0:00:24]} Ra6 {[%clk 0:00:10]}
56. Re3+ {[%clk 0:00:24]} Kd7 {[%clk 0:00:09]} 57. bxc4 {[%clk 0:00:24]} Ra1+
{[%clk 0:00:10]} 58. Kd2 {[%clk 0:00:24]} Rd1# {[%clk 0:00:10]} 0-1

[Event "Russian Blitz Team Championship (w)"]
[Site "Sochi"]
[Date "2022.10.17"]
[Round "10.1"]
[White "Shuvalova, Polina"]
[Black "Diakonova, Ekaterina"]
[Result "1/2-1/2"]
[BlackElo "1987"]
[WhiteElo "2392"]
[LiveChessVersion "1.4.8"]

1. d4 {[%clk 0:03:03]} Nf6 {[%clk 0:03:03]} 2. Nf3 {[%clk 0:03:04]} c5
{[%clk 0:03:04]} 3. d5 {[%clk 0:03:03]} b5 {[%clk 0:03:05]} 4. e4
{[%clk 0:03:03]} Nxe4 {[%clk 0:02:52]} 5. Bd3 {[%clk 0:03:04]} Nd6
{[%clk 0:02:51]} 6. O-O {[%clk 0:03:04]} g6 {[%clk 0:02:52]} 7. a4
{[%clk 0:03:04]} Bg7 {[%clk 0:02:47]} 8. axb5 {[%clk 0:03:04]} O-O
{[%clk 0:02:45]} 9. c4 {[%clk 0:03:03]} a6 {[%clk 0:02:40]} 10. Nc3
{[%clk 0:03:02]} Bb7 {[%clk 0:02:41]} 11. bxa6 {[%clk 0:03:01]} Nxa6
{[%clk 0:02:41]} 12. Re1 {[%clk 0:02:57]} Re8 {[%clk 0:02:38]} 13. Bg5
{[%clk 0:02:56]} h6 {[%clk 0:02:37]} 14. Bh4 {[%clk 0:02:55]} Nb4
{[%clk 0:02:32]} 15. Rxa8 {[%clk 0:02:55]} Bxa8 {[%clk 0:02:33]} 16. Bf1
{[%clk 0:02:51]} Nf5 {[%clk 0:02:34]} 17. Bg3 {[%clk 0:02:49]} Nxg3
{[%clk 0:02:35]} 18. hxg3 {[%clk 0:02:49]} d6 {[%clk 0:02:33]} 19. g4
{[%clk 0:02:36]} Bb7 {[%clk 0:02:33]} 20. g5 {[%clk 0:02:35]} h5 {[%clk 0:02:33]}
21. Nd2 {[%clk 0:02:32]} Bc8 {[%clk 0:02:30]} 22. Qa4 {[%clk 0:02:23]} Bd7
{[%clk 0:02:29]} 23. Qa7 {[%clk 0:02:19]} Nc2 {[%clk 0:02:23]} 24. Rc1
{[%clk 0:02:15]} Bf5 {[%clk 0:02:20]} 25. Nde4 {[%clk 0:01:56]} Nd4
{[%clk 0:02:21]} 26. Ra1 {[%clk 0:01:51]} Qb8 {[%clk 0:02:19]} 27. Qa2
{[%clk 0:01:10]} Qb4 {[%clk 0:01:59]} 28. Ng3 {[%clk 0:01:07]} Bc2
{[%clk 0:01:56]} 29. Nb5 {[%clk 0:00:45]} Nxb5 {[%clk 0:01:49]} 30. cxb5
{[%clk 0:00:46]} Bxb2 {[%clk 0:01:47]} 31. Rb1 {[%clk 0:00:19]} Bxb1
{[%clk 0:01:46]} 32. Qxb1 {[%clk 0:00:20]} Be5 {[%clk 0:01:33]} 33. Qd3
{[%clk 0:00:19]} Ra8 {[%clk 0:01:16]} 34. Ne2 {[%clk 0:00:09]} Ra1
{[%clk 0:01:13]} 35. g3 {[%clk 0:00:04]} h4 {[%clk 0:01:12]} 36. gxh4
{[%clk 0:00:04]} Qxh4 {[%clk 0:01:13]} 37. Ng3 {[%clk 0:00:04]} Qxg5
{[%clk 0:01:11]} 38. Kg2 {[%clk 0:00:04]} Bxg3 {[%clk 0:01:10]} 39. fxg3
{[%clk 0:00:05]} Ra2+ {[%clk 0:01:06]} 40. Be2 {[%clk 0:00:05]} Qe5
{[%clk 0:01:06]} 41. Kf3 {[%clk 0:00:06]} g5 {[%clk 0:01:04]} 42. b6 g4+
{[%clk 0:01:04]} 43. Kf2 {[%clk 0:00:06]} Rb2 {[%clk 0:01:02]} 44. Qa6
{[%clk 0:00:05]} Qd4+ {[%clk 0:01:03]} 45. Kg2 {[%clk 0:00:05]} Qxd5+
{[%clk 0:01:03]} 46. Kf2 {[%clk 0:00:06]} Qf3+ {[%clk 0:01:04]} 47. Ke1
{[%clk 0:00:07]} Qxg3+ {[%clk 0:01:02]} 48. Kd1 {[%clk 0:00:08]} Qg1+
{[%clk 0:01:00]} 49. Bf1 {[%clk 0:00:09]} Qd4+ {[%clk 0:01:00]} 50. Bd3
{[%clk 0:00:10]} Rb3 {[%clk 0:00:58]} 51. Ke2 {[%clk 0:00:10]} Qb2+
{[%clk 0:00:50]} 52. Ke3 {[%clk 0:00:08]} Rxb6 {[%clk 0:00:48]} 53. Qc8+
{[%clk 0:00:10]} Kg7 {[%clk 0:00:48]} 54. Qxg4+ {[%clk 0:00:10]} Kf6
{[%clk 0:00:47]} 55. Qf5+ {[%clk 0:00:11]} Kg7 {[%clk 0:00:48]} 56. Qg4+
{[%clk 0:00:12]} Kf8 {[%clk 0:00:49]} 57. Qc8+ {[%clk 0:00:13]} Kg7
{[%clk 0:00:50]} 58. Qg4+ {[%clk 0:00:14]} Kh6 {[%clk 0:00:51]} 59. Qh4+
{[%clk 0:00:13]} Kg7 {[%clk 0:00:52]} 60. Qg4+ {[%clk 0:00:13]} Kh8
{[%clk 0:00:49]} 61. Qc8+ {[%clk 0:00:11]} Kg7 {[%clk 0:00:50]} 62. Qg4+
{[%clk 0:00:12]} Kf6 {[%clk 0:00:50]} 63. Qf5+ {[%clk 0:00:13]} Kg7
{[%clk 0:00:51]} 64. Qg4+ {[%clk 0:00:14]} Kh6 {[%clk 0:00:47]} 65. Qh4+
{[%clk 0:00:14]} Kg7 {[%clk 0:00:48]} 66. Qg4+ {[%clk 0:00:15]} Kh8
{[%clk 0:00:32]} 67. Qc8+ {[%clk 0:00:16]} Kg7 {[%clk 0:00:32]} 68. Qg4+
{[%clk 0:00:17]} Kf8 {[%clk 0:00:19]} 69. Qc8+ {[%clk 0:00:17]} Kg7
{[%clk 0:00:20]} 70. Qg4+ {[%clk 0:00:18]} 1/2-1/2

[Event "Russian Blitz Team Championship (w)"]
[Site "Sochi"]
[Date "2022.10.17"]
[Round "10.2"]
[White "Dimitrova, Aleksandra"]
[Black "Gunina, Valentina"]
[Result "1-0"]
[BlackElo "2376"]
[WhiteElo "2051"]
[LiveChessVersion "1.4.8"]

1. e4 {[%clk 0:03:02]} c6 {[%clk 0:03:03]} 2. d4 {[%clk 0:03:03]} d5
{[%clk 0:03:04]} 3. e5 {[%clk 0:03:04]} c5 {[%clk 0:03:05]} 4. Nf3
{[%clk 0:03:04]} cxd4 {[%clk 0:03:03]} 5. Nxd4 {[%clk 0:03:05]} e6
{[%clk 0:03:04]} 6. c4 {[%clk 0:03:04]} Nc6 {[%clk 0:03:04]} 7. Nc3
{[%clk 0:02:58]} Bc5 {[%clk 0:03:03]} 8. Nxc6 {[%clk 0:02:54]} bxc6
{[%clk 0:03:03]} 9. Qg4 {[%clk 0:02:52]} g6 {[%clk 0:02:51]} 10. Bd3
{[%clk 0:02:43]} f6 {[%clk 0:02:31]} 11. Qg3 {[%clk 0:02:29]} Bd4
{[%clk 0:02:25]} 12. exf6 {[%clk 0:02:27]} Nxf6 {[%clk 0:02:25]} 13. Bh6
{[%clk 0:02:14]} Kf7 {[%clk 0:01:52]} 14. O-O {[%clk 0:02:13]} e5
{[%clk 0:01:47]} 15. cxd5 {[%clk 0:02:09]} cxd5 {[%clk 0:01:48]} 16. Bg5
{[%clk 0:02:06]} Qb6 {[%clk 0:01:42]} 17. Bxf6 {[%clk 0:01:57]} Qxf6
{[%clk 0:01:38]} 18. Nxd5 {[%clk 0:01:57]} Qd6 {[%clk 0:01:36]} 19. Be4
{[%clk 0:01:25]} Rb8 {[%clk 0:01:32]} 20. Rac1 {[%clk 0:01:22]} Rd8
{[%clk 0:01:19]} 21. h4 {[%clk 0:01:19]} Be6 {[%clk 0:01:18]} 22. Ne3
{[%clk 0:01:10]} Bxb2 {[%clk 0:01:17]} 23. Rc6 {[%clk 0:01:10]} Qe7
{[%clk 0:00:50]} 24. h5 {[%clk 0:01:11]} Rg8 {[%clk 0:00:27]} 25. hxg6+
{[%clk 0:01:03]} hxg6 {[%clk 0:00:27]} 26. Ng4 {[%clk 0:00:53]} Qg5
{[%clk 0:00:11]} 27. Rc7+ {[%clk 0:00:53]} Kf8 {[%clk 0:00:11]} 28. Qe3
{[%clk 0:00:33]} Qxe3 {[%clk 0:00:05]} 29. fxe3+ {[%clk 0:00:34]} Ke8
{[%clk 0:00:05]} 30. Nf6+ {[%clk 0:00:29]} Kd8 {[%clk 0:00:06]} 31. Rxa7
{[%clk 0:00:26]} Rf8 {[%clk 0:00:07]} 32. Rd1+ {[%clk 0:00:25]} Kc8
{[%clk 0:00:08]} 33. Nd5 {[%clk 0:00:16]} Bxd5 {[%clk 0:00:05]} 34. Bxd5
{[%clk 0:00:17]} Rf6 {[%clk 0:00:05]} 35. Bf3 {[%clk 0:00:16]} Rbb6 1-0

[Event "Russian Blitz Team Championship (w)"]
[Site "Sochi"]
[Date "2022.10.17"]
[Round "10.3"]
[White "Badelka, Olga"]
[Black "Stepanyan, Eva"]
[Result "1-0"]
[BlackElo "1903"]
[WhiteElo "2316"]
[LiveChessVersion "1.4.8"]

1. c4 {[%clk 0:03:03]} e5 {[%clk 0:03:00]} 2. Nc3 {[%clk 0:03:04]} Nf6
{[%clk 0:03:01]} 3. Nf3 {[%clk 0:03:05]} Nc6 {[%clk 0:03:02]} 4. e3
{[%clk 0:03:06]} d5 {[%clk 0:03:01]} 5. cxd5 {[%clk 0:03:07]} Nxd5
{[%clk 0:03:02]} 6. Bb5 {[%clk 0:03:09]} Nxc3 {[%clk 0:02:31]} 7. bxc3
{[%clk 0:03:09]} Bd6 {[%clk 0:02:23]} 8. d4 {[%clk 0:02:42]} exd4
{[%clk 0:02:23]} 9. cxd4 {[%clk 0:02:43]} Bd7 {[%clk 0:02:11]} 10. O-O
{[%clk 0:02:42]} O-O {[%clk 0:02:09]} 11. e4 {[%clk 0:02:43]} a6 {[%clk 0:01:59]}
12. Bd3 {[%clk 0:02:31]} Bg4 {[%clk 0:01:51]} 13. Bb2 {[%clk 0:02:23]} Be7
{[%clk 0:01:26]} 14. d5 {[%clk 0:02:13]} Nb4 {[%clk 0:01:20]} 15. Be2
{[%clk 0:02:11]} a5 {[%clk 0:01:16]} 16. Qd4 {[%clk 0:02:01]} f6 {[%clk 0:01:06]}
17. h3 {[%clk 0:01:39]} Bxf3 {[%clk 0:01:06]} 18. Bxf3 {[%clk 0:01:41]} Bd6
{[%clk 0:01:02]} 19. Qd2 {[%clk 0:01:40]} Qe7 {[%clk 0:01:00]} 20. Rfe1
{[%clk 0:00:55]} a4 {[%clk 0:00:53]} 21. Bg4 {[%clk 0:00:53]} a3 {[%clk 0:00:38]}
22. Be6+ {[%clk 0:00:54]} Kh8 {[%clk 0:00:39]} 23. Bc3 {[%clk 0:00:53]} Na6
{[%clk 0:00:40]} 24. f4 {[%clk 0:00:50]} b5 {[%clk 0:00:32]} 25. e5
{[%clk 0:00:44]} fxe5 {[%clk 0:00:32]} 26. fxe5 {[%clk 0:00:29]} Bc5+
{[%clk 0:00:33]} 27. Bd4 {[%clk 0:00:26]} Rad8 {[%clk 0:00:24]} 28. Bxc5
{[%clk 0:00:20]} Qxc5+ {[%clk 0:00:25]} 29. Kh1 {[%clk 0:00:21]} Rfe8 30. Qg5 Qe7
{[%clk 0:00:15]} 31. Qg4 {[%clk 0:00:18]} Nc5 {[%clk 0:00:15]} 32. Bf5
{[%clk 0:00:16]} Rxd5 {[%clk 0:00:15]} 33. Qh5 {[%clk 0:00:14]} g5
{[%clk 0:00:11]} 34. Bxh7 {[%clk 0:00:12]} Rf8 {[%clk 0:00:03]} 35. Be4+
{[%clk 0:00:11]} 1-0

[Event "Russian Blitz Team Championship (w)"]
[Site "Sochi"]
[Date "2022.10.17"]
[Round "10.4"]
[White "Ivanova, Anastasia S."]
[Black "Charochkina, Daria"]
[Result "0-1"]
[BlackElo "2282"]
[WhiteElo "1902"]
[LiveChessVersion "1.4.8"]

1. d4 {[%clk 0:03:03]} Nf6 {[%clk 0:03:02]} 2. c4 {[%clk 0:03:04]} Nc6
{[%clk 0:03:03]} 3. Nc3 {[%clk 0:03:04]} e6 {[%clk 0:03:04]} 4. Nf3
{[%clk 0:03:05]} Bb4 {[%clk 0:03:05]} 5. e3 {[%clk 0:03:02]} O-O {[%clk 0:03:04]}
6. Bd3 {[%clk 0:03:03]} d6 {[%clk 0:03:02]} 7. O-O {[%clk 0:03:03]} Bxc3
{[%clk 0:02:54]} 8. bxc3 {[%clk 0:03:03]} e5 {[%clk 0:02:55]} 9. d5
{[%clk 0:02:23]} Nb8 {[%clk 0:02:51]} 10. Qc2 {[%clk 0:02:19]} Nbd7
{[%clk 0:02:45]} 11. Ng5 {[%clk 0:02:17]} h6 {[%clk 0:02:46]} 12. Ne4
{[%clk 0:02:17]} Nxe4 {[%clk 0:02:42]} 13. Bxe4 {[%clk 0:02:17]} Nc5
{[%clk 0:02:43]} 14. Ba3 {[%clk 0:02:10]} Nxe4 {[%clk 0:02:41]} 15. Qxe4
{[%clk 0:02:11]} f5 {[%clk 0:02:38]} 16. Qc2 {[%clk 0:02:11]} b6 {[%clk 0:02:38]}
17. Bc1 {[%clk 0:01:06]} Qh4 {[%clk 0:02:35]} 18. g3 {[%clk 0:00:59]} Qxc4
{[%clk 0:02:30]} 19. Rd1 {[%clk 0:00:59]} Qg4 {[%clk 0:02:29]} 20. Bb2
{[%clk 0:00:46]} f4 {[%clk 0:02:30]} 21. exf4 {[%clk 0:00:37]} exf4
{[%clk 0:02:27]} 22. Qe4 {[%clk 0:00:37]} fxg3 {[%clk 0:02:11]} 23. Qxg4
{[%clk 0:00:18]} gxf2+ {[%clk 0:02:11]} 24. Kg2 {[%clk 0:00:18]} Bxg4
{[%clk 0:02:11]} 25. Rf1 {[%clk 0:00:18]} Rae8 {[%clk 0:02:11]} 26. Rxf2
{[%clk 0:00:17]} Rxf2+ {[%clk 0:02:08]} 27. Kxf2 {[%clk 0:00:18]} Re2+
{[%clk 0:02:08]} 28. Kg3 {[%clk 0:00:19]} Rxb2 {[%clk 0:01:40]} 29. Kxg4 Rd2
{[%clk 0:01:36]} 30. h4 {[%clk 0:00:16]} Rxd5 {[%clk 0:01:36]} 31. Re1
{[%clk 0:00:13]} Re5 {[%clk 0:01:29]} 32. Rd1 {[%clk 0:00:08]} Re4+
{[%clk 0:01:28]} 33. Kh5 {[%clk 0:00:05]} Kh7 {[%clk 0:01:27]} 34. Rd5
{[%clk 0:00:06]} g6# {[%clk 0:01:26]} 0-1

[Event "Russian Blitz Team Championship (w)"]
[Site "Sochi"]
[Date "2022.10.17"]
[Round "10.5"]
[White "Bogumil, Tatiana"]
[Black "Pogonina, Natalija"]
[Result "0-1"]
[BlackElo "2332"]
[WhiteElo "2082"]
[LiveChessVersion "1.4.8"]

1. Nf3 {[%clk 0:03:03]} d5 {[%clk 0:03:00]} 2. c4 {[%clk 0:03:03]} e6
{[%clk 0:02:59]} 3. b3 {[%clk 0:03:02]} Nf6 {[%clk 0:02:59]} 4. Bb2
{[%clk 0:03:03]} Be7 {[%clk 0:02:58]} 5. g3 {[%clk 0:03:02]} b6 {[%clk 0:02:57]}
6. cxd5 {[%clk 0:02:51]} exd5 {[%clk 0:02:56]} 7. Bg2 {[%clk 0:02:48]} O-O
{[%clk 0:02:53]} 8. O-O {[%clk 0:02:46]} Bb7 {[%clk 0:02:52]} 9. d4
{[%clk 0:02:42]} Nbd7 {[%clk 0:02:49]} 10. Nc3 {[%clk 0:02:41]} a6
{[%clk 0:02:44]} 11. Rc1 {[%clk 0:02:36]} Bd6 {[%clk 0:02:42]} 12. e3
{[%clk 0:02:34]} Qe7 {[%clk 0:02:37]} 13. Qc2 {[%clk 0:02:31]} Rac8
{[%clk 0:02:30]} 14. Nh4 {[%clk 0:02:30]} g6 {[%clk 0:02:27]} 15. Nf3
{[%clk 0:02:18]} Ne4 {[%clk 0:02:20]} 16. Nd2 {[%clk 0:01:54]} Ndf6
{[%clk 0:02:09]} 17. Na4 {[%clk 0:01:46]} Nxd2 {[%clk 0:02:00]} 18. Qxd2
{[%clk 0:01:48]} Ne4 {[%clk 0:02:01]} 19. Qd3 {[%clk 0:01:43]} f5
{[%clk 0:01:51]} 20. Rc2 {[%clk 0:01:44]} Rf7 {[%clk 0:01:47]} 21. Rfc1
{[%clk 0:01:33]} Re8 {[%clk 0:01:47]} 22. Nc3 {[%clk 0:01:28]} Qe6
{[%clk 0:01:41]} 23. Ne2 {[%clk 0:01:26]} g5 {[%clk 0:01:36]} 24. a3
{[%clk 0:01:18]} Ref8 {[%clk 0:01:22]} 25. f4 {[%clk 0:01:00]} g4
{[%clk 0:01:16]} 26. Re1 {[%clk 0:00:58]} h5 {[%clk 0:01:15]} 27. Qd1
{[%clk 0:00:42]} h4 {[%clk 0:01:13]} 28. Bxe4 {[%clk 0:00:39]} fxe4
{[%clk 0:01:01]} 29. Nc3 {[%clk 0:00:32]} Qh6 {[%clk 0:00:56]} 30. Rg2
{[%clk 0:00:30]} Rg7 {[%clk 0:00:51]} 31. Kf2 {[%clk 0:00:28]} Qf6
{[%clk 0:00:46]} 32. Ne2 {[%clk 0:00:29]} Rff7 {[%clk 0:00:41]} 33. Rh1
{[%clk 0:00:27]} Rh7 {[%clk 0:00:40]} 34. Rgg1 {[%clk 0:00:27]} Rfg7
{[%clk 0:00:41]} 35. Qc1 {[%clk 0:00:26]} Rh6 {[%clk 0:00:36]} 36. a4
{[%clk 0:00:26]} Rgh7 {[%clk 0:00:36]} 37. Kg2 {[%clk 0:00:20]} Bb4
{[%clk 0:00:28]} 38. Ba3 {[%clk 0:00:18]} Qe7 {[%clk 0:00:24]} 39. Bxb4
{[%clk 0:00:15]} Qxb4 40. Qc3 Qa3 {[%clk 0:00:20]} 41. Ra1 {[%clk 0:00:14]} Qe7
{[%clk 0:00:19]} 42. Rac1 {[%clk 0:00:13]} Qd6 {[%clk 0:00:17]} 43. b4
{[%clk 0:00:12]} hxg3 {[%clk 0:00:14]} 44. hxg3 {[%clk 0:00:13]} Rh3
{[%clk 0:00:14]} 45. Rxh3 {[%clk 0:00:09]} gxh3+ {[%clk 0:00:14]} 46. Kh2
{[%clk 0:00:09]} Qg6 {[%clk 0:00:13]} 47. Ng1 {[%clk 0:00:07]} Rg7
{[%clk 0:00:10]} 48. Qe1 {[%clk 0:00:09]} Bc8 {[%clk 0:00:10]} 49. a5
{[%clk 0:00:08]} bxa5 {[%clk 0:00:09]} 50. bxa5 {[%clk 0:00:10]} Bg4
{[%clk 0:00:09]} 51. Qf2 {[%clk 0:00:08]} Kh7 {[%clk 0:00:10]} 52. Rc5
{[%clk 0:00:08]} Qe6 {[%clk 0:00:08]} 53. Qc2 {[%clk 0:00:07]} Qd7
{[%clk 0:00:07]} 54. Rc6 {[%clk 0:00:06]} Qc8 {[%clk 0:00:05]} 55. Qc5
{[%clk 0:00:04]} Qb7 {[%clk 0:00:05]} 56. Qc2 {[%clk 0:00:04]} Qb4
{[%clk 0:00:05]} 57. Rxc7 Qxa5 58. Rxg7+ Kxg7 59. Nxh3 Bxh3 60. Kxh3 Kf6 61. g4
Qe1 62. g5+ Ke5 0-1

[Event "Russian Blitz Team Championship (w)"]
[Site "Sochi"]
[Date "2022.10.17"]
[Round "10.6"]
[White "Garifullina, Leya"]
[Black "Sirotkina, Nina"]
[Result "1-0"]
[BlackElo "2090"]
[WhiteElo "2267"]
[LiveChessVersion "1.4.8"]

1. e4 {[%clk 0:03:02]} d5 {[%clk 0:02:59]} 2. exd5 {[%clk 0:03:03]} Qxd5
{[%clk 0:03:00]} 3. Nc3 {[%clk 0:03:04]} Qd6 {[%clk 0:03:01]} 4. d4
{[%clk 0:03:04]} Nf6 {[%clk 0:03:01]} 5. Nf3 {[%clk 0:03:05]} Bg4
{[%clk 0:02:33]} 6. Be2 {[%clk 0:03:06]} c6 {[%clk 0:02:28]} 7. O-O
{[%clk 0:02:50]} e6 {[%clk 0:02:19]} 8. Na4 {[%clk 0:02:20]} Be7 {[%clk 0:01:48]}
9. c4 {[%clk 0:02:20]} O-O {[%clk 0:01:45]} 10. Be3 {[%clk 0:02:15]} Qc7
{[%clk 0:01:37]} 11. Nc3 {[%clk 0:02:08]} Nbd7 {[%clk 0:01:35]} 12. h3
{[%clk 0:01:41]} Bh5 {[%clk 0:01:29]} 13. Qb3 {[%clk 0:01:29]} Rfd8
{[%clk 0:01:14]} 14. Rad1 {[%clk 0:01:27]} h6 {[%clk 0:01:00]} 15. Qc2
{[%clk 0:01:25]} Bg6 {[%clk 0:00:57]} 16. Qc1 {[%clk 0:01:26]} Rac8
{[%clk 0:00:41]} 17. a3 {[%clk 0:01:13]} b6 18. b4 {[%clk 0:01:13]} e5
{[%clk 0:00:32]} 19. dxe5 {[%clk 0:01:07]} Nxe5 {[%clk 0:00:28]} 20. Bf4
{[%clk 0:01:07]} Nxf3+ {[%clk 0:00:25]} 21. Bxf3 {[%clk 0:01:08]} Qb7
{[%clk 0:00:19]} 22. Rfe1 {[%clk 0:01:01]} Rxd1 {[%clk 0:00:15]} 23. Qxd1
{[%clk 0:01:00]} Rd8 {[%clk 0:00:13]} 24. Qc1 {[%clk 0:01:00]} Bf8
{[%clk 0:00:13]} 25. b5 {[%clk 0:01:00]} Qc8 {[%clk 0:00:07]} 26. Bxc6
{[%clk 0:01:00]} Qf5 {[%clk 0:00:06]} 27. Bg3 {[%clk 0:00:56]} Qc5
{[%clk 0:00:05]} 28. Nd5 {[%clk 0:00:53]} Nxd5 {[%clk 0:00:03]} 29. Bxd5
{[%clk 0:00:54]} Qxa3 {[%clk 0:00:04]} 30. Qxa3 {[%clk 0:00:54]} Bxa3
{[%clk 0:00:04]} 31. Ra1 {[%clk 0:00:55]} Bc5 {[%clk 0:00:05]} 32. Rxa7
{[%clk 0:00:56]} Re8 {[%clk 0:00:05]} 33. Kh2 {[%clk 0:00:56]} Re2
{[%clk 0:00:05]} 34. Rb7 {[%clk 0:00:47]} Rc2 {[%clk 0:00:04]} 35. Bc7
{[%clk 0:00:44]} Bxf2 {[%clk 0:00:04]} 36. Bxb6 {[%clk 0:00:45]} Be1
{[%clk 0:00:04]} 37. Re7 {[%clk 0:00:45]} Bc3 {[%clk 0:00:04]} 38. Bc7
{[%clk 0:00:42]} Kh7 {[%clk 0:00:04]} 39. Rd7 {[%clk 0:00:38]} Ba1
{[%clk 0:00:04]} 40. b6 {[%clk 0:00:38]} Rb2 41. b7 1-0

[Event "Russian Blitz Team Championship (w)"]
[Site "Sochi"]
[Date "2022.10.17"]
[Round "10.7"]
[White "Mikhaylova, Irina"]
[Black "Guseva, Marina"]
[Result "0-1"]
[BlackElo "2273"]
[WhiteElo "2166"]
[LiveChessVersion "1.4.8"]

1. d4 {[%clk 0:03:04]} d5 {[%clk 0:03:00]} 2. c4 {[%clk 0:03:04]} c6
{[%clk 0:03:01]} 3. cxd5 {[%clk 0:03:05]} cxd5 {[%clk 0:03:02]} 4. Nc3
{[%clk 0:03:05]} Nf6 {[%clk 0:03:02]} 5. Nf3 {[%clk 0:03:06]} Nc6
{[%clk 0:03:02]} 6. Bf4 {[%clk 0:03:06]} Nh5 {[%clk 0:02:58]} 7. Bg5
{[%clk 0:02:51]} h6 {[%clk 0:02:56]} 8. Bd2 {[%clk 0:02:51]} e6 {[%clk 0:02:53]}
9. Ne5 {[%clk 0:02:29]} Nf6 {[%clk 0:02:25]} 10. Bf4 {[%clk 0:02:22]} Qb6
{[%clk 0:02:21]} 11. Nxc6 {[%clk 0:02:10]} bxc6 {[%clk 0:02:21]} 12. Qd2
{[%clk 0:01:56]} Ba6 {[%clk 0:02:20]} 13. g3 {[%clk 0:01:39]} Bb4
{[%clk 0:02:17]} 14. Bg2 {[%clk 0:01:39]} Ne4 {[%clk 0:02:11]} 15. Bxe4
{[%clk 0:01:39]} dxe4 {[%clk 0:02:11]} 16. O-O {[%clk 0:01:40]} O-O
{[%clk 0:02:10]} 17. a3 {[%clk 0:01:40]} Bxc3 {[%clk 0:02:03]} 18. bxc3
{[%clk 0:01:41]} Bc4 {[%clk 0:02:03]} 19. Bd6 {[%clk 0:01:23]} Rfd8
{[%clk 0:02:01]} 20. Bc5 {[%clk 0:01:23]} Qa6 {[%clk 0:02:00]} 21. Rfe1
{[%clk 0:01:24]} Rab8 {[%clk 0:02:00]} 22. Kf1 {[%clk 0:01:20]} Rb3
{[%clk 0:01:26]} 23. Reb1 {[%clk 0:01:12]} Rdb8 {[%clk 0:01:26]} 24. Bb4
{[%clk 0:01:07]} Rxb1+ {[%clk 0:01:15]} 25. Rxb1 {[%clk 0:01:08]} Qb5
{[%clk 0:01:07]} 26. Re1 {[%clk 0:00:57]} Qh5 {[%clk 0:01:07]} 27. Kg2
{[%clk 0:00:57]} a5 {[%clk 0:01:07]} 28. Bc5 {[%clk 0:00:57]} Rb3
{[%clk 0:01:06]} 29. f4 {[%clk 0:00:33]} exf3+ {[%clk 0:01:04]} 30. exf3
{[%clk 0:00:34]} Bd5 {[%clk 0:01:00]} 31. Qf2 {[%clk 0:00:30]} Rxc3
{[%clk 0:01:00]} 32. Re3 {[%clk 0:00:31]} Rc1 {[%clk 0:00:48]} 33. Qd2
{[%clk 0:00:29]} Rb1 {[%clk 0:00:45]} 34. Qc2 {[%clk 0:00:27]} Rb5
{[%clk 0:00:44]} 35. Qe2 {[%clk 0:00:24]} Qf5 {[%clk 0:00:44]} 36. Qf2
{[%clk 0:00:09]} Rb1 {[%clk 0:00:39]} 37. Re2 {[%clk 0:00:06]} Qd3
{[%clk 0:00:37]} 38. Rd2 {[%clk 0:00:04]} Bxf3+ {[%clk 0:00:37]} 39. Kh3
{[%clk 0:00:05]} Qf5+ {[%clk 0:00:38]} 0-1